000
00296nam a22001337a 4500
008
190306b xxu||||| |||| 00| 0 eng d
020
_a
9781451150230
041
_a
eng
080
_a
615
100
_a
5
101
_a
SHF
245
_a
Nursing 2013 Drug Handbook
_c
Antoon, M,C
942
_2
udc
_c
BK
999
_c
54627
_d
54627